| 000 | 00408 a2200133 4500 | ||
|---|---|---|---|
| 003 | Nust | ||
| 005 | 20170207155449.0 | ||
| 040 | _cNust | ||
| 082 | _a799 | ||
| 245 |
_aAllied Officers Meet with Comdt (Different Countries)Photgraphs-2012 _cMCS |
||
| 260 |
_aRawalpindi _bMCS _c2012 |
||
| 650 | _aPictures of Allied Officers Meet with Comdt (Different Countries)Photgraphs-2012,(CD- NO 22) | ||
| 651 | _aSweet Memories-MCS | ||
| 942 | _cBK | ||
| 999 |
_c201454 _d201454 |
||